[Event "Online Olym Div4 E"]
[Site "Chess.com INT"]
[Date "2021.08.20"]
[Round "3.6"]
[White "Albury, Noah"]
[Black "Tracey, Shaun M"]
[Result "0-1"]
[WhiteElo "1337"]
[BlackElo "1622"]
[PlyCount "126"]
[EventDate "2021.08.20"]
[EventType "team (rapid)"]
[EventRounds "11"]
[EventCountry "USA"]
[SourceTitle "CBM 203 Extra"]
[Source "ChessBase"]
[SourceDate "2021.09.30"]
[SourceVersion "1"]
[SourceVersionDate "2021.09.30"]
[SourceQuality "1"]
[WhiteTeam "Bahamas"]
[BlackTeam "Cayman Islands"]
[WhiteTeamCountry "BAH"]
[BlackTeamCountry "CAY"]

1. e4 d5 2. exd5 Qxd5 3. Nc3 Qa5 4. Bc4 Nf6 5. h3 Bf5 6. Nf3 e6 7. d3 c6 8. Bd2 Qc7 9. Qe2 Bd6 10. g4 Bg6 11. Bg5 Nbd7 12. Ne4 Nxe4 13. dxe4 h6 14. Bh4 Bf4 15. Rg1 Nb6 16. Bb3 a5 17. a4 Qd6 18. Rd1 Qb4+ 19. Kf1 Qxe4 20. Qxe4 Bxe4 21. Nd2 Bg6 22. Nf3 0-0 23. Kg2 Nd5 24. Rd4 Bc7 25. Rgd1 Nf4+ 26. Kh1 Nxh3 27. Rf1 Bb6 28. Rd7 Be4 29. Rxb7 Bxf3+ 30. Kh2 Rab8 31. Rxb8 Rxb8 32. Kxh3 Bd4 33. Bg3 Rb7 34. Rb1 Be4 35. Kh2 Rxb3 36. Rd1 Rb4 37. c3 Bxc3 38. bxc3 Rxa4 39. Rd4 Rxd4 40. cxd4 a4 41. Bd6 Kh7 42. Ba3 Kg6 43. Kg3 Kf6 44. Kf4 Bd5 45. Ke3 g6 46. f4 g5 47. fxg5+ Kxg5 48. Be7+ Kxg4 49. Kf2 h5 50. Kg1 h4 51. Kh2 h3 52. Bb4 f5 53. Bd6 Bg2 54. Bb4 Kf3 55. Ba3 Ke3 56. Bb2 Kd3 57. Kg3 Kc2 58. Ba1 Kb1 59. Bc3 a3 60. Kh2 a2 61. Kg3 a1Q 62. Bxa1 Kxa1 63. Kf4 h2 0-1